Marie-Ange Fougère and Florence Fix (eds.). Humanités ridicules au XIXe siècle. Dijon, Éditions universitaires de Dijon, coll. “Écritures”, 2024, 176 p. (notice n° 1643962)
[ vue normale ]
| 000 -LEADER | |
|---|---|
| fixed length control field | 01420cam a2200157 4500500 |
| 005 - DATE AND TIME OF LATEST TRANSACTION | |
| control field | 20260208000809.0 |
| 041 ## - LANGUAGE CODE | |
| Language code of text/sound track or separate title | fre |
| 042 ## - AUTHENTICATION CODE | |
| Authentication code | dc |
| 100 10 - MAIN ENTRY--PERSONAL NAME | |
| Personal name | Parent, Hélène |
| Relator term | author |
| 245 00 - TITLE STATEMENT | |
| Title | Marie-Ange Fougère and Florence Fix (eds.). Humanités ridicules au XIXe siècle. Dijon, Éditions universitaires de Dijon, coll. “Écritures”, 2024, 176 p. |
| 260 ## - PUBLICATION, DISTRIBUTION, ETC. | |
| Date of publication, distribution, etc. | 2025.<br/> |
| 500 ## - GENERAL NOTE | |
| General note | 54 |
| 520 ## - SUMMARY, ETC. | |
| Summary, etc. | The conclusion of Lucrèce Borgia is often established based on the play’s final lines. Reducing it in this way does not fully reflect the perspective in which Hugo created this scene. We aim to clarify this point by exploring the play’s ending in light of not only contemporary dramas but also other versions of the work itself, as originally envisaged by the author. We will perhaps discover, within and around these final lines, Hugolian characters who are less self-important than suggested in the preface. In fact, the successive reworkings of this scene show that Hugo wanted to bring his characters to their downfall. If they still speak, it is to say nothing. And while the scene remains tense throughout due to what is unsaid, which is hardly enigmatic, it leads to a mysterious and unutterable dizzying despair. |
| 786 0# - DATA SOURCE ENTRY | |
| Note | Romantisme | 210 | 4 | 2025-12-09 | p. 111i-135i | 0048-8593 |
| 856 41 - ELECTRONIC LOCATION AND ACCESS | |
| Uniform Resource Identifier | <a href="https://shs.cairn.info/journal-romantisme-2025-4-page-111i?lang=en&redirect-ssocas=7080">https://shs.cairn.info/journal-romantisme-2025-4-page-111i?lang=en&redirect-ssocas=7080</a> |
Pas d'exemplaire disponible.




Réseaux sociaux